Población del País - ¿Norte o Sur? - Estadísticas

Estadísticas generales
  • Esta prueba ha sido intentada 6.073 veces
  • La puntuación promedio es 11 de 15
Estadísticas de respuestas
Pregunta Respuesta % Correcto
Egipto Norte
90%
Canadá Sur
84%
Suecia Sur
83%
Reino Unido Sur
82%
Australia Sur
82%
Venezuela Norte
81%
Brasil Sur
79%
Nigeria Sur
71%
Nueva Zelanda Norte
69%
Taiwán Norte
69%
Emiratos Árabes Unidos Norte
67%
Nepal Sur
67%
Suiza Norte
65%
Japón Sur
63%
Uganda Sur
55%
No se encontraron pruebas coincidentes
Distribución de puntuación
Porcentaje de gente con cada puntuación
Porcentaje por número respondido
Historial de tus puntuaciones
No has intentado esta prueba.